=LDR 00000nam 2200000 4500 =001 NUTBA000000000003309 =005 20170417110213.0 =006 =007 =008 =020 ##$$a 978-979-292718-4 =035 ##$$0010-081400000000154 =040 ##$$a NBPDMAT =082 ##$$a 510.076 =090 ##$$a 510.076 $b She r =100 ##$$a Sheila Putri Syarah =245 ##$$a Re ma pa : $b Resume matematika IPA / $c Sheila Putu Syarah =250 ##$$a Cet.1 =260 ##$$a Yogyakarta : $b Andi, $c 2011 =300 ##$$a 325 hlm. ; $c 25 cm. =500 ##$$a Bibliografi : hlm. 325 =650 ##$$a Matematika SMA - Studi dan Pengajaran =850 ##$$a NBPDMAT =990 ##$$a 21404632